| 000 | 00342nam a22001337a 4500 | ||
|---|---|---|---|
| 008 | 170904b xxu||||| |||| 00| 0 eng d | ||
| 020 | _a9780669529951 | ||
| 041 | _aeng | ||
| 080 | _a070 | ||
| 100 | _a40 | ||
| 101 | _aMED | ||
| 245 |
_aWRITERS INC A STUDENTS HANDBOOK FOR WRITING AND LEARNIG _cKTRNZKE.CJH |
||
| 942 |
_2udc _cBK |
||
| 999 |
_c25996 _d25996 |
||